000 00887nam a2200205 a 4500
008 120924s2004 ||||||||||||||||| || u
020 _a9780521118293
050 _aK 44 HAT
100 _aSlinn, Peter
245 1 0 _aComparative constitutionalism and good governance in the Commonwealth: an Eastern and Southern African perspective
_cby John Hatchard, Muna Ndulo and Peter Slinn
260 _aCambridge
_bCambridge University Press
_c2004
300 _axxv, 361p.: ill.
650 _aCONSTITUTIONAL LAW--AFRICA, SOUTHERN
650 _aCONSTITUTIONAL LAW--COMMONWEALTH COUNTRIES
650 _aCONSTITUTIONAL LAW--AFRICA, EAST
650 _aPOLITICS AND GOVERNANCE--AFRICA
700 _aHatchard, John
700 _aNdulo, Muna
995 _FCBU-MAIN LIBRARY (Kitwe)
_M1
_UAVAILABLE
_WJan 9, 2013
_ZMain Library Open Access Collection
999 _c38012
_d38012